Posłowie na Sejm RP o najdłuższym stażu - Statystyki

Ogólne statystyki
  • Ten quiz został rozwiązany 310 razy
  • Średni wynik to 4 z 32
Statystyki odpowiedzi
Liczba kadencji Lata sprawowania mandatu Ostatnia partia Imię i nazwisko % Poprawnych
9 30 lat (1991–1993, od 1997) Prawo i Sprawiedliwość Jarosław Kaczyński
99%
9 32 lata (od 1993) Polskie Stronnictwo Ludowe Marek Sawicki
46%
8 26 lat (1989–2015) Polskie Stronnictwo Ludowe Waldemar Pawlak
44%
8 28 lat (1991–1993, 1997–2005, od 2007) Prawo i Sprawiedliwość Antoni Macierewicz
38%
7 26 lat (1997–2023) Platforma Obywatelska Grzegorz Schetyna
33%
8 26 lat (1989–2015) Polskie Stronnictwo Ludowe Józef Zych
19%
7 24 lata (od 2001) Prawo i Sprawiedliwość Marek Suski
15%
7 22 lata (1997–2007, 2011–2023) Prawo i Sprawiedliwość Mariusz Kamiński
14%
9 32 lata (1991–2023) Platforma Obywatelska Iwona Śledzińska-Katarasińska
8%
7 24 lata (od 2001) Prawo i Sprawiedliwość Marek Kuchciński
7%
7 24 lata (1991–2015) Polskie Stronnictwo Ludowe Stanisław Żelichowski
4%
8 28 lat (1993–2015, od 2019) Nowa Lewica Tadeusz Tomaszewski
4%
7 21 lat (1991–1993, 2001–2020) Prawo i Sprawiedliwość Adam Lipiński
3%
7 20 lat (1989–1991, 1993–1997, 2001–2009, od 2019) Polskie Stronnictwo Ludowe Andrzej Grzyb
3%
7 24 lata (1997–2001, od 2005) Polskie Stronnictwo Ludowe Marek Biernacki
3%
7 22 lata (1989–1993, 2001–2015, 2019–2023) bezpartyjny (z listy KO) Eugeniusz Czykwin
2%
7 24 lata (1989–2005, 2007–2015) Sojusz Lewicy Demokratycznej Anna Bańkowska
1%
8 26 lat (1989–2015) Polskie Stronnictwo Ludowe Franciszek Stefaniuk
1%
7 20 lat (1989–2009) Sojusz Lewicy Demokratycznej Janusz Zemke
1%
7 22 lata (od 2003) Prawo i Sprawiedliwość Jarosław Zieliński
1%
8 28 lat (od 1997) Prawo i Sprawiedliwość Jerzy Polaczek
1%
7 24 lata (od 2001) Koalicja Obywatelska Kazimierz Plocke
1%
7 23 lata (1991–2014) Sojusz Lewicy Demokratycznej Krystyna Łybacka
1%
7 24 lata (od 2001) Koalicja Obywatelska Krystyna Skowrońska
1%
7 24 lata (od 2001) Koalicja Obywatelska Krystyna Szumilas
1%
8 26 lat (1991–1993, 1997–2001, od 2005) Prawo i Sprawiedliwość Krzysztof Tchórzewski
1%
7 26 lat (1993–1997, 2001–2023) Polskie Stronnictwo Ludowe Mieczysław Kasprzak
1%
7 24 lata (1991–2015) Polskie Stronnictwo Ludowe Stanisław Kalemba
1%
7 24 lata (od 2001) Prawo i Sprawiedliwość Szymon Giżyński
1%
7 24 lata (od 2001) Prawo i Sprawiedliwość Wojciech Szarama
1%
7 24 lata (1997–2001, od 2005) Prawo i Sprawiedliwość Stanisław Szwed
0%
7 24 lata (1991–2015) Sojusz Lewicy Demokratycznej Tadeusz Iwiński
0%
Nie znaleziono quizów pasujących do podanych kryteriów
Rozkład punktacji
Procent ludzi z każdym wynikiem
Percentyl według liczby udzielonych odpowiedzi
Twoja historia wyników
Nie rozwiązałeś tego quizu